Statistics for Countries with the Most Hindustani Speakers

Click here to take the quiz!

General Stats

  • This quiz has been taken 71 times
  • The average score is 8 of 10

Answer Stats

PlaceStatusSpeakersAnswer% Correct
1.National754 119 824India
100%
2.Official94 000 000Pakistan
98%
4.1 257 502U.S.A.
97%
9.250 000Bangladesh
89%
7.400 000U.K.
89%
3.2 040 831Nepal
86%
8.377 015Canada
84%
5.1 048 225Afghanistan
65%
6.757 000Saudi Arabia
65%
10.173 000Qatar
52%

Score Distribution

Percentile by Number Answered

Percent of People with Each Score

Your Score History

You have not taken this quiz